Be mindful of the registration gap (Record no. 78177)
[ view plain ]
| 000 -LEADER | |
|---|---|
| fixed length control field | 00789cab a2200229 4500 |
| 001 - CONTROL NUMBER | |
| control field | L136187 |
| 008 - FIXED-LENGTH DATA ELEMENTS--GENERAL INFORMATION | |
| fixed length control field | 070117n2007 000 0 eng u |
| 035 ## - SYSTEM CONTROL NUMBER | |
| System control number | (Sirsi) u136187 |
| 041 0# - LANGUAGE CODE | |
| Language code of text/sound track or separate title | eng |
| 100 1# - MAIN ENTRY--PERSONAL NAME | |
| Personal name | Vara, Beverley |
| 245 00 - TITLE STATEMENT | |
| Title | Be mindful of the registration gap |
| 260 ## - PUBLICATION, DISTRIBUTION, ETC. | |
| Date of publication, distribution, etc. | 2007 |
| 490 #0 - SERIES STATEMENT | |
| Series statement | Estates Gazette |
| Volume/sequential designation | (0702) 13 January 2007, 119(1) |
| 520 ## - SUMMARY, ETC. | |
| Summary, etc. | Looks at the complex legal issue of who has the right to sue between completion and registration of leasehold property and offers some advice. |
| 590 ## - LOCAL NOTE (RLIN) | |
| Local note | KA |
| 650 24 - SUBJECT ADDED ENTRY--TOPICAL TERM | |
| Topical term or geographic name entry element | LANDLORD AND TENANT ACT 1954 |
| 650 24 - SUBJECT ADDED ENTRY--TOPICAL TERM | |
| Topical term or geographic name entry element | LANDLORD AND TENANT (COVENANTS) ACT 1995 |
| 651 #4 - SUBJECT ADDED ENTRY--GEOGRAPHIC NAME | |
| Geographic name | England and Wales |
| Chronological subdivision | 1543- |
| 690 ## - LOCAL SUBJECT ADDED ENTRY--TOPICAL TERM (OCLC, RLIN) | |
| Topical term or geographic name as entry element | PROPERTY-LEASEHOLD PROPERTY-LANDLORD AND TENANT-LEASES |
| 700 1# - ADDED ENTRY--PERSONAL NAME | |
| Personal name | Schultz, Sophie |
| 942 ## - ADDED ENTRY ELEMENTS (KOHA) | |
| Suppress in OPAC | 0 |
| Withdrawn status | Lost status | Source of classification or shelving scheme | Damaged status | Not for loan | Home library | Current library | Shelving location | Date acquired | Total Checkouts | Full call number | Barcode | Date last seen | Copy number | Price effective from | Koha item type |
|---|---|---|---|---|---|---|---|---|---|---|---|---|---|---|---|
| Dewey Decimal Classification | London | London | Journal article | 17/01/2007 | L136187 | 136187-1001 | 06/08/2019 | 1 | 06/08/2019 | Journal article |